01345nab a22002177a 4500999001500000003000400015005001700019008004100036040000700077100003300084245020700117300001500324505045900339505007200798650003500870650002800905650003800933700003900971773010401010942001301114 c5864d5864OSt20260108230205.0190514b xxu||||| |||| 00| 0 spa d cPJ 96750aMaría Catalina Bruni10aBalance, consolidación y desafíos en la actuación del Ministerio Público a diez años de la vigencia del Código Civil y Comercial de la Nación / cMaría Catalina Bruni, Ornela Piccinelli. ap. 275-288 aSumario: I. Introducción.— II. El MPT: entre continuidades y resignificaciones en clave de DD. HH.— III. Ajustes procesales en clave de igualdad. Un marco teórico desde el derecho procesal.— IV. Reforzamientos procesales con perspectiva de derechos humanos a través de la figura del MPT.— V. El desafío de la legitimación transversal del MP: la proyección del art. 103 del Cód. Civ. y Com. y sus tensiones.— VI. A modo de balance. tSi te interesa el texto, comunicate a koha@justierradelfuego.gov.ar 091497aCODIGO CIVIL Y COMERCIAL 09967aDERECHO DE FAMILIA 094022aMINISTERIO PÚBLICO FISCAL 94688aPiccinelli, Ornela ecoautor0 0284493222dBuenos Aires : AbeledoPerrot, 1989-tDerecho de familia. N° 120 - Julio 2025z18511201 2udccANA